01734nam a2200313 a 4500001001000000005001700010008004100027041000800068044000800076084002000084100004500104245019800149260004400347300002200391440004100413500014800454500005000602500036000652500001001012546002401022650005201046650005601098650003401154650004501188700005001233700004701283700004001330740005001370BRCA_326620190320204208.0120309s1833----enka---###---#000-0#eng-# aeng aenk a567b.W55c18331 aCervantes Saavedra, Miguel ded1547-161610aThe History and Adventures of the Renowned Don QuixotecTranslated from the Spanish of Miguel de Cervantes Saavedra by T. Smollett, to which is Prefixed a Memoir of the Author by Thomas Roscoe. aLondresbEffingham Wilson and Co.c1833 a3 v.bil.c18 cm. 0aThe Novelist´s Libraryv13, 14 y 15 aContenido : v.1. Primera parte. Prólogo del autor y memoria sobre el mismo escrita por T. Roscoe. -- v.2. Texto. -- v.3. Segunda parte. Texto aEdición : Illustrated by George Cruickshank aTraducción de Smollett acertadamente revisada y corregida por Th. Roscoe quien le añadio una buena biografía, para su tiempo, basada en la excelente, excrita por M. F. de Navarrete. Edición impresa con esmero, en muy buen papel, y adornada con aguafuertes de G. Cruickshank mejores que los que figura en la edición de 1831. Tela Lúdovik Osterc aQM450 aTexto en : inglés14aNovela españolayÉpoca clásica, 1500-170014aLiteratura españolayÉpoca clásica, 1500-170014aNovela españolaySiglo XVII14aDon Quijote (Personaje ficticio)eNovela1 aSmollett, Tobias Georged1721-1771eTraductor1 aCruickshank, Georged1853-1904eIlustrador1 aRoscoe, Thomasd1791-1871eAnotador0 aEl Ingenioso Hidalgo Don Quijote de la Mancha